Grandest Game: (Record no. 1311813)

MARC details
000 -LEADER
fixed length control field 00439nam a22001697a 4500
005 - DATE AND TIME OF LATEST TRANSACTION
control field 20250619155550.0
008 - FIXED-LENGTH DATA ELEMENTS--GENERAL INFORMATION
fixed length control field 250506b |||||||| |||| 00| 0 eng d
020 ## - INTERNATIONAL STANDARD BOOK NUMBER
International Standard Book Number 9780241672044
040 ## - CATALOGING SOURCE
Transcribing agency SDCL
041 ## - LANGUAGE CODE
Language code of text/sound track or separate title eng
084 ## - COLON CLASSIFICATION NUMBER
Classification number O-,3N84 R4 LR
100 ## - MAIN ENTRY--PERSONAL NAME
Personal name Barnes, Jennifer Lynn
245 ## - TITLE STATEMENT
Title Grandest Game:
Remainder of title Only one can win
260 ## - PUBLICATION, DISTRIBUTION, ETC.
Place of publication, distribution, etc. London :
Name of publisher, distributor, etc. Penguin Random House,
Date of publication, distribution, etc. 2024.
300 ## - PHYSICAL DESCRIPTION
Extent 372p
942 ## - ADDED ENTRY ELEMENTS (KOHA)
Source of classification or shelving scheme Colon Classification (CC)
Koha item type General Books
100 ## - MAIN ENTRY--PERSONAL NAME
-- 754404
999 ## -
-- 1311813
-- 1311813
Holdings
Withdrawn status Lost status Source of classification or shelving scheme Damaged status Not for loan Home library Current library Date acquired Total checkouts Full call number Barcode Date last seen Date last checked out Price effective from Koha item type
    Colon Classification (CC)     South Campus Library South Campus Library 2025-05-06 1 O-,3N84 R4 LR SC1691347 2026-05-04 2026-04-30 2025-05-06 General Books
Copyright @ Delhi University Library System